| 000 | 00411pab a2200169 454500 | ||
|---|---|---|---|
| 008 | 180718b2011 xxu||||| |||| 00| 0 eng d | ||
| 100 | _aMukhopadhyay, Partha | ||
| 245 | _aFormality and functionality in India cities | ||
| 260 | _c2011 | ||
| 300 | _ap.98-104. | ||
| 362 | _aJan | ||
| 650 | _aUrban development - India | ||
| 650 | _aUrban development | ||
| 773 | _aSeminar | ||
| 908 | _aN | ||
| 909 | _a90449 | ||
| 999 |
_c90449 _d90449 |
||